Kovové povlaky. STN 03 8170. ISO 4518 : Meranie hrúbky povlaku. Profilometrická metóda. September 1995
Gespeichert in:
| Format: | Buch |
|---|---|
| Sprache: | Tschechisch |
| Veröffentlicht: |
Bratislava :
Slovenský ústav technickej normalizácie,
1995
|
| Schlagworte: | |
| Tags: |
Keine Tags, Fügen Sie das erste Tag hinzu!
|
MARC
| LEADER | 00000nam a22000003a 4500 | ||
|---|---|---|---|
| 001 | stu93023 | ||
| 005 | 20150408161033.7 | ||
| 008 | 050301s1995----xo------------------cze-d | ||
| 040 | |a STU |b slo | ||
| 041 | 0 | |a cze | |
| 044 | |a xo | ||
| 080 | |a 669.228.7:620.179.4 | ||
| 245 | |a Kovové povlaky. STN 03 8170. ISO 4518 : |b Meranie hrúbky povlaku. Profilometrická metóda. September 1995 | ||
| 260 | |a Bratislava : |b Slovenský ústav technickej normalizácie, |c 1995 | ||
| 300 | |a 8 s | ||
| 650 | 7 | |a povlaky kovové |2 stusub | |
| 996 | |b 284M038080 |c M*N-1082-1 |l MMKN |s A |a 24 |w stu93023_0001 | ||
| 996 | |b 284M075652 |c M*N-1230 |l MMKN |s A |a 24 |w stu93023_0002 | ||